000 00651nam a2200205 a 4500
001 1951
003 CO-ViMGA
008 141112s2004 ck r 000 u spa d
040 _aCO-ViMGA
_bspa
_cCO-ViMGA
082 0 4 _a321.8 B611f
100 1 _aBobbio, Norberto
245 1 0 _aEl futuro de la democracia
250 _a2a
260 _aSantafé de Bogotá :
_bFondo de Cultura Económica,
_c1996
300 _a214 p
490 _aPolítica y derecho
505 _aDemocracia representativa y democracia directa 49 - - Liberalismo nuevo y viejo 119 - - Contrato y contractualismo en el debate actual 143
650 1 4 _aDEMOCRACIA
942 _2ddc
_cBK
999 _c14102
_d14102